[Event "IND-ch Challengers (Women) 43rd"]
[Site "Chennai"]
[Date "2016.06.19"]
[Round "4"]
[White "Aditi, Arya"]
[Black "Palakodeti, Bhanumati"]
[Result "1-0"]
[WhiteElo "1587"]
[BlackElo "1183"]
[PlyCount "108"]
[EventDate "2016.06.17"]
[EventType "swiss"]
[EventRounds "11"]
[EventCountry "IND"]
[SourceTitle "CBM 173 Extra"]
[Source "ChessBase"]
[SourceDate "2016.08.29"]
[SourceVersion "1"]
[SourceVersionDate "2016.08.29"]
[SourceQuality "1"]

1. e4 c6 2. Nf3 d5 3. exd5 cxd5 4. Bb5+ Nc6 5. Ne5 Qb6 6. Bxc6+ bxc6 7. d4 Nf6 8. 0-0 g6 9. Re1 Bg7 10. Qe2 Ne4 11. c3 Bxe5 12. dxe5 0-0 13. Be3 Ba6 14. Bxb6 Bxe2 15. Be3 Ba6 16. f3 Nf6 17. exf6 exf6 18. Bd4 f5 19. Nd2 Bc4 20. Nxc4 dxc4 21. Re7 a5 22. Rae1 a4 23. a3 Rab8 24. R1e2 Rfd8 25. Rc7 Rd6 26. Ra7 Re6 27. Rxe6 fxe6 28. Rxa4 Rxb2 29. Rxc4 Rb1+ 30. Kf2 g5 31. Rxc6 Kf7 32. Rc7+ Kg6 33. h3 Rb2+ 34. Kg3 f4+ 35. Kh2 Re2 36. Rg7+ Kh6 37. Re7 Kg6 38. a4 Kf5 39. a5 Ra2 40. Rf7+ Kg6 41. Ra7 Kf5 42. a6 e5 43. Bc5 h5 44. Ra8 e4 45. fxe4+ Kxe4 46. a7 f3 47. Re8+ Kf4 48. Rf8+ Ke4 49. Rxf3 Kd5 50. Bd4 Kc6 51. Rf8 Kb7 52. Rb8+ Kc7 53. a8Q Rxa8 54. Rxa8 Kd7 1-0

[Event "IND-ch Challengers (Women) 43rd"]
[Site "Chennai"]
[Date "2016.06.18"]
[Round "2"]
[White "Aditi, Arya"]
[Black "Akshitha, Goud Pally"]
[Result "1-0"]
[WhiteElo "1587"]
[BlackElo "1156"]
[PlyCount "59"]
[EventDate "2016.06.17"]
[EventType "swiss"]
[EventRounds "11"]
[EventCountry "IND"]
[SourceTitle "EXT 2017"]
[Source "ChessBase"]
[SourceDate "2016.10.25"]
[SourceVersion "1"]
[SourceVersionDate "2016.10.25"]
[SourceQuality "1"]

1. e4 d6 2. d4 Nd7 3. Nf3 e5 4. dxe5 dxe5 5. Bc4 h6 6. 0-0 Ngf6 7. Nc3 Bc5 8. h3 0-0 9. Re1 c6 10. Nh4 b5 11. Bb3 a5 12. a4 Qb6 13. Qf3 Nh7 14. Ng6 Ndf6 15. Nxf8 Kxf8 16. Ne2 Be6 17. Bxe6 fxe6 18. axb5 cxb5 19. Ng3 Ng5 20. Bxg5 hxg5 21. Nh5 Kf7 22. Nxf6 gxf6 23. Rad1 Ra7 24. Qh5+ Kg7 25. Re2 b4 26. Red2 Qc6 27. Rd8 Bf8 28. Rxf8 Qxe4 29. Qh8+ Kg6 30. Rxf6# 1-0

[Event "IND-ch Challengers (Women) 43rd"]
[Site "Chennai"]
[Date "2016.06.17"]
[Round "1"]
[White "Nandhidhaa, PV."]
[Black "Aditi, Arya"]
[Result "1-0"]
[WhiteElo "2151"]
[BlackElo "1587"]
[PlyCount "79"]
[EventDate "2016.06.17"]
[EventType "swiss"]
[EventRounds "11"]
[EventCountry "IND"]
[SourceTitle "CBM 173 Extra"]
[Source "ChessBase"]
[SourceDate "2016.08.29"]
[SourceVersion "1"]
[SourceVersionDate "2016.08.29"]
[SourceQuality "1"]

1. e4 e5 2. Nf3 Nc6 3. Nc3 Nf6 4. Bb5 Nd4 5. Bc4 Nxf3+ 6. Qxf3 d6 7. d3 Be7 8. h3 0-0 9. g4 Be6 10. g5 Nd7 11. Bxe6 fxe6 12. Qg4 Rf7 13. Be3 Nf8 14. 0-0-0 d5 15. d4 exd4 16. Bxd4 Bxg5+ 17. Kb1 Rf4 18. Qg3 Ng6 19. Be3 Bh4 20. Qg2 Rf7 21. exd5 exd5 22. Rxd5 Qf8 23. Rd2 Ne5 24. Qe4 Nf3 25. Rd5 c6 26. Rh5 g6 27. Rxh4 Re8 28. Qc4 Nxh4 29. Ne4 Nf3 30. Nf6+ Kg7 31. Nxe8+ Qxe8 32. Qc3+ Kg8 33. Bxa7 Qe2 34. Be3 Rd7 35. b3 Rd1+ 36. Rxd1 Qxd1+ 37. Kb2 Ng1 38. Bh6 Qd7 39. Qf6 Qf7 40. Qd8+ 1-0